Faculty of Law Library — Cairo University

Official Online Catalog

الإطار القانوني والمؤسسي لمكافحة الفساد الناجم عن تعارض المصالح العامة والخاصة للمسئولين الحكوميين (دراسة مقارنة) / (Record no. 60985)

MARC details
000 -LEADER
fixed length control field 06383nam a2200529 i 4500
003 - CONTROL NUMBER IDENTIFIER
control field EG-GICUC
005 - أخر تعامل مع التسجيلة
control field 20260204160206.0
008 - FIXED-LENGTH DATA ELEMENTS--GENERAL INFORMATION
fixed length control field 260204s2025 ua |||f m||| 00| 0 ara d
040 ## - CATALOGING SOURCE
Original cataloguing agency EG-GICUC
Transcribing agency EG-GICUC
Modifying agency EG-GICUC
Description conventions rda
Language of cataloging: ara
041 0# - LANGUAGE CODE
Language code of text/sound track or separate title ara
049 ## - Acquisition Source
Acquisition Source إهداء
082 04 - DEWEY DECIMAL CLASSIFICATION NUMBER
Classification number 345.123062
Edition number 21
097 ## - Degree
Degree Ph.D
099 ## - LOCAL FREE-TEXT CALL NUMBER (OCLC)
Local Call Number Law 07 PHD 2025
100 0# - MAIN ENTRY--PERSONAL NAME
Authority record control number or standard number حسين محمود حسن محمد
Preparation مؤلف.
245 10 - TITLE STATEMENT
Title الإطار القانوني والمؤسسي لمكافحة الفساد الناجم عن تعارض المصالح العامة والخاصة للمسئولين الحكوميين (دراسة مقارنة) /
Statement of responsibility, etc. إعداد حسين محمود حسن محمد؛ إشراف الأستاذ الدكتور رأفت إبراهيم فودة.
264 #0 - PRODUCTION, PUBLICATION, DISTRIBUTION, MANUFACTURE, AND COPYRIGHT NOTICE
Place of production, publication, distribution, manufacture القاهرة:
Name of producer, publisher, distributor, manufacturer كلية الحقوق- جامعة القاهرة،
Date of production, publication, distribution, manufacture, or copyright notice 2025.
300 ## - PHYSICAL DESCRIPTION
Extent 757 صفحة؛
Dimensions 25 سم.
336 ## - CONTENT TYPE
Content type term text
Source rda content
337 ## - MEDIA TYPE
Media type term Computer
Source rda media
338 ## - CARRIER TYPE
Carrier type term Online Resource
Source rda carrier
500 ## - General note
General note رسائل نسخة منفردة
500 ## - General note
General note تحتوي علي صفحة عنوان وملخص باللغة الإنجليزية
502 ## - DISSERTATION NOTE
Dissertation note أطروحة (دكتوراة)- جامعة القاهرة، كلية الحقوق، قسم القانون العام، 2025.
504 ## - BIBLIOGRAPHY, ETC. NOTE
Bibliography, etc. note ببليوجرافيا: صفحات 705-742
520 3# - SUMMARY, ETC.
Summary, etc. تخلص هذه الرسالة - بوصفها دراسة مقارنة جمعت بين التأصيل المفاهيمي واستقراء النصوص التشريعية والقضائية ورصد التجارب الوطنية والإقليمية والدولية، مع عناية خاصة بالحالة المصرية - إلى أن تعارض المصالح بعد حالة خطر» مولدة للمخاطر لا جريمة في ذاته، وأن إحكام إدارته قانونيا ومؤسسيا يمثل بوابة الوقاية الرئيسة للحد من الفساد وتعزيز كفاءة الإدارة العامة وترسيخ ثقة الجمهور فيها. وقد بينت الرسالة أن التطور التشريعي الدولي والوطني في معالجة الفساد الناجم عن تعارض المصالح رسخ أولوية التدابير الوقائية إلى جانب التجريم والردع، عبر منظومة تشمل الإفصاح عن الذمة المالية والمصالح، وفصل الملكية عن الإدارة، والتدوير الوظيفي، وفترات التهدئة والقيود القانونية الضابطة لحياد الموظف العمومي والمسؤول الحكومي ماليا ومهنيا وسياسيا، كما أبرزت الرسالة قدرا معتبرا من التوافق في الإطار التشريعي المصري مع الالتزامات الدولية، ولا سيما في تجريم الفساد الوطني والرشوة الدولية واعتماد استراتيجيات متعاقبة لمكافحة الفساد وتؤكد النتائج تمييزاً منهجيًا لازما بين الفساد وتعارض المصالح من حيث الطبيعة القانونية وأثر ذلك على السياسة التشريعية فالفساد - في جوهره - فعل غير مشروع لذاته ينطوي على اعتداء مباشر على المال العام أو الثقة العامة أو نزاهة الوظيفة، ومن ثم يبرر توسعا نسبيا في نطاق التجريم وتشديد العقاب وتدعيمه بتدابير تكميلية كلما اقتضت حماية المصلحة العامة ذلك في إطار مبادئ الشرعية الجنائية وضمانات المحاكمة العادلة. أما تعارض المصالح فينشأ غالبًا عن مصالح أو روابط أو أنشطة مشروعة في أصلها، غير أن تولي الوظيفة العامة يقتضي إخضاعها لقيود والتزامات وقائية تستهدف حماية الحياد وصون الثقة العامة ومنع انحراف القرار، بما يستلزم ضبط هذه القيود بمعياري الضرورة والتناسب وتحقيق توازن دقيق بين فاعلية إدارة المخاطر وعدم الإفراط في تقييد الحقوق والحريات المشروعة أو التوسع غير المنضبط في التجريم. وبذلك، فإن جوهر سياسة تعارض المصالح يتمثل في إدارة «حالة الخطر» ومنع الانزلاق إلى فساد فعلي، لا معاقبة مجرد وجود مصلحة خاصة متى كانت قابلة للتنظيم والضبط. وتوصي الرسالة باستكمال المنظومة التشريعية والمؤسسية والرقمية، ولا سيما في مجالات تعارض المصالح والشفافية والنفاذ إلى المعلومات وحماية المبلغين ومن في حكمهم واسترداد الموجودات على نحو يجعل إدارة التعارض ممارسة قانونية ومؤسسية أكثر فاعلية في حماية المال العام وترسيخ النزاهة وتعزيز الثقة في الإدارة العامة.
546 ## - LANGUAGE NOTE
Text Language الملخص باللغة العربية
650 04 - SUBJECT ADDED ENTRY--TOPICAL TERM
Topical term or geographic name entry element القانون الإداري
650 04 - SUBJECT ADDED ENTRY--TOPICAL TERM
Topical term or geographic name entry element القانون العام
653 ## - INDEX TERM--UNCONTROLLED
Uncontrolled term تعارض المصالح
653 ## - INDEX TERM--UNCONTROLLED
Uncontrolled term الفساد
653 ## - INDEX TERM--UNCONTROLLED
Uncontrolled term النزاهة
653 ## - INDEX TERM--UNCONTROLLED
Uncontrolled term الحوكمة
653 ## - INDEX TERM--UNCONTROLLED
Uncontrolled term الشفافية
653 ## - INDEX TERM--UNCONTROLLED
Uncontrolled term حياد الموظف العام
653 ## - INDEX TERM--UNCONTROLLED
Uncontrolled term الإفصاح عن المصالح والذمة المالية
653 ## - INDEX TERM--UNCONTROLLED
Uncontrolled term المسؤولية الائتنمانية
653 ## - INDEX TERM--UNCONTROLLED
Uncontrolled term الفصل بين الملكية والإدارة
653 ## - INDEX TERM--UNCONTROLLED
Uncontrolled term اتفاقية الأمم المتحدة لمحاربة الفساد
655 #4 - INDEX TERM--GENRE/FORM
Genre/form data or focus term رسائل جامعية
Geographic subdivision جامعة القاهرة
General subdivision القانون الإداري
700 0# - ADDED ENTRY--PERSONAL NAME
Personal name رأفت إبراهيم فودة
Relator term مشرف.
710 2# - ADDED ENTRY--CORPORATE NAME
Corporate name or jurisdiction name as entry element جامعة القاهرة.
Subordinate unit كلية الحقوق
856 ## - ELECTRONIC LOCATION AND ACCESS
Uniform Resource Identifier <a href="https://fll.law.cu.edu.eg/fulltext/th/T07-02233.pdf">https://fll.law.cu.edu.eg/fulltext/th/T07-02233.pdf</a>
900 ## - Thesis Information
Grant date 2025
Universities جامعة القاهرة
Faculties كلية الحقوق
Department قسم القانون العام
905 ## - Cataloger and Reviser Names
Cataloger Name: Hoda
942 ## - ADDED ENTRY ELEMENTS (KOHA)
Source of classification or shelving scheme Dewey Decimal Classification
Koha item type Thesis
Edition 21
Suppress in OPAC No
Holdings
Source of classification or shelving scheme Collection Home library Current library Date acquired Full call number Barcode Date last seen Copy number Effective from Koha item type
Dewey Decimal Classification القانون الإداري جــــامعة القــاهرة مكتبة كلية الحقوق - المبنى الرئيسي 04.02.2026 Law1 07 PHD 2025 0702233 C1 T07-02233 04.02.2026 1 04.02.2026 Thesis
Dewey Decimal Classification القانون الإداري جــــامعة القــاهرة مكتبة كلية الحقوق - المبنى الرئيسي 04.02.2026 Law1 07 PHD 2025 0702234 C2 T07-02234 04.02.2026 2 04.02.2026 Thesis
Dewey Decimal Classification القانون الإداري جــــامعة القــاهرة مكتبة كلية الحقوق - فـرع الشيخ زايد 04.02.2026 Law2 07 PHD 2025 0702235 C3 T07-02235 04.02.2026 3 04.02.2026 Thesis

© All rights reserved — Faculty of Law, Cairo University